| 000 | 00569nam a2200205Ia 4500 | ||
|---|---|---|---|
| 003 | OSt | ||
| 005 | 20260605102345.0 | ||
| 008 | 210210b1998 xxu||||| |||| 00| 0 eng d | ||
| 040 | _cAL | ||
| 041 | _aKannada | ||
| 082 | _a574.52652K SHIM | ||
| 100 |
_aSHIVASHANKAR T M. _dಶಿವಶಂಕರ್ ಟಿ. ಎಮ್ _9265284 |
||
| 245 |
_aMarubhumigalu. _bಮರುಭೂಮಿಗಳು. |
||
| 260 |
_aPeramugeru _bShri Ganesha Prakashana _c1998 |
||
| 300 | _aiv,32 | ||
| 650 |
_aDesert _9265285 |
||
| 690 |
_aEcology _9265286 |
||
| 906 | _a055735 | ||
| 942 |
_2ddc _cBK |
||
| 999 |
_c103320 _d103320 |
||